000 00381 a2200157 4500
001 149422
040 _cEscola São Tomás de Aquino
100 _aSOUZA, Flávio de
240 1 0 _aQue história é essa?
_lpor
245 1 0 _aQue história é essa?
300 _a55
362 0 _a2015
440 1 _aCompanhia das Letrinhas
697 _a*LITERATURA INFANTO JUVENIL
942 _cBK
999 _c149422
_d149422